[Event "ROM-ch U08 Girls"]
[Site "Baile Felix"]
[Date "2017.02.02"]
[Round "1"]
[White "Enachi, Daniela Lorena"]
[Black "Lungu, Stefania"]
[Result "0-1"]
[WhiteElo "1001"]
[BlackElo "1055"]
[PlyCount "48"]
[EventDate "2017.02.02"]
[EventType "swiss"]
[EventRounds "9"]
[EventCountry "ROU"]
[SourceTitle "CBM 176 Extra"]
[Source "ChessBase"]
[SourceDate "2017.03.02"]
[SourceVersion "1"]
[SourceVersionDate "2017.03.02"]
[SourceQuality "1"]

1. e4 e5 2. Nf3 Nc6 3. Bb5 Nf6 4. Nc3 Bc5 5. 0-0 d6 6. d3 Bg4 7. h3 Bh5 8. Bg5 0-0 9. Bc4 Nd4 10. g4 Bg6 11. Nd5 c6 12. Ne3 d5 13. exd5 Nxf3+ 14. Qxf3 cxd5 15. Bb3 Re8 16. Ba4 Re6 17. Rfe1 h6 18. Bxf6 Qxf6 19. Bd7 Qxf3 20. Rad1 Rd6 21. Ba4 Qxh3 22. Bb3 Bxe3 23. fxe3 Qxg4+ 24. Kf1 Rf6# 0-1